|
|
|
|
| LEADER |
00000cam a22000004a 4500 |
| 001 |
musev2_41797 |
| 003 |
MdBmJHUP |
| 005 |
20230905044359.0 |
| 006 |
m o d |
| 007 |
cr||||||||nn|n |
| 008 |
150309s2015 mau o 00 0 eng d |
| 020 |
|
|
|a 9781613763575
|
| 020 |
|
|
|z 9781625341495
|
| 020 |
|
|
|z 1625341490
|
| 020 |
|
|
|z 1613763573
|
| 035 |
|
|
|a (OCoLC)919384530
|
| 040 |
|
|
|a MdBmJHUP
|c MdBmJHUP
|
| 245 |
0 |
0 |
|a Massachusetts and the Civil War :
|b The Commonwealth and National Disunion /
|c edited by Matthew Mason, Conrad Edick Wright, and Katheryn P. Viens.
|
| 264 |
|
1 |
|a Amherst :
|b University of Massachusetts Press,
|c 2015.
|
| 264 |
|
3 |
|a Baltimore, Md. :
|b Project MUSE,
|c 2015
|
| 264 |
|
4 |
|c ©2015.
|
| 300 |
|
|
|a 1 online resource (312 pages).
|
| 336 |
|
|
|a text
|b txt
|2 rdacontent
|
| 337 |
|
|
|a computer
|b c
|2 rdamedia
|
| 338 |
|
|
|a online resource
|b cr
|2 rdacarrier
|
| 505 |
0 |
|
|a Introduction: unification and (re- )division: the significance of Massachusetts in the Civil War era -- Part I. The opposition to slavery -- The union of abolitionists and emancipationists in Civil War/era Massachusetts / John Stauffer -- "Constitution or no constitution, law or no law": the Boston Vigilance Committees, 1841-1861 / Dean Grodzins -- "Today abolitionist is merged in citizen": radical abolitionists and the union war / Peter Wirzbicki -- The rise and fall of the abolitionist republic / Richard S. Newman -- Part II. The war years -- The politics of unionism: Edward Everett, the Constitutional Union Party, and the election of 1860 / Matthew Mason -- McClellan in the hub: Boston's financiers and the war for emancipation / Carol Bundy -- The bonds of print: reading on home front and battlefield / Ronald J. Zboray and Mary Saracino Zboray -- Part III. Reconciliation -- Mourning Charles Sumner: the flag resolution and the complications of Civil War memory / Sarah Purcell -- Reporting from the south: Massachusetts teachers and freedmen's education / Amy F. Morsman -- The union of gentlemen restored: college-educated northern veterans, reconciliation, and northern honor / Kanisorn Wongsrichanalai.
|
| 588 |
|
|
|a Description based on print version record.
|
| 651 |
|
7 |
|a Massachusetts.
|2 fast
|0 (OCoLC)fst01204307
|
| 651 |
|
0 |
|a Massachusetts
|x History
|y Civil War, 1861-1865.
|
| 650 |
|
7 |
|a History & Archaeology.
|2 hilcc
|
| 650 |
|
7 |
|a Regions & Countries - Americas.
|2 hilcc
|
| 650 |
|
7 |
|a United States - General.
|2 hilcc
|
| 650 |
|
4 |
|a Massachusetts - History - Civil War, 1861-1865.
|
| 650 |
|
7 |
|a HISTORY
|z United States
|x Civil War Period (1850-1877)
|2 bisacsh
|
| 650 |
|
7 |
|a HISTORY
|z United States
|x State & Local
|x New England (CT, MA, ME, NH, RI, VT)
|2 bisacsh
|
| 650 |
|
7 |
|a HISTORY
|z United States
|x State & Local
|x Middle Atlantic (DC, DE, MD, NJ, NY, PA)
|2 bisacsh
|
| 650 |
|
7 |
|a HISTORY
|z United States
|x State & Local
|x General.
|2 bisacsh
|
| 655 |
|
7 |
|a History.
|2 fast
|0 (OCoLC)fst01411628
|
| 655 |
|
7 |
|a Electronic books.
|2 local
|
| 700 |
1 |
|
|a Mason, Matthew,
|d 1968-
|
| 700 |
1 |
|
|a Wright, Conrad Edick.
|
| 700 |
1 |
|
|a Viens, Katheryn P.,
|d 1962-
|
| 710 |
2 |
|
|a Project Muse.
|e distributor
|
| 830 |
|
0 |
|a Book collections on Project MUSE.
|
| 856 |
4 |
0 |
|z Texto completo
|u https://projectmuse.uam.elogim.com/book/41797/
|
| 945 |
|
|
|a Project MUSE - Custom Collection
|
| 945 |
|
|
|a Project MUSE - 2015 Complete
|
| 945 |
|
|
|a Project MUSE - 2015 US Regional Studies, New England and Mid Atlantic
|